The little mermaid

Bibliographic Details
Format: Book
Published: India : Euro Books
Series:Disney's ; # 7
Subjects:

MARC

LEADER 00000cam a2200000 7i4500
001 0000003018
005 20220105103941.0
008 10/07/07
020 |a 8128608290 
090 0 0 |a JF   |b FT ENG (1879) 
245 0 4 |a The little mermaid 
260 |a India :   |b Euro Books 
440 |a Disney's ; # 7 
500 |a Children age 4-6 years old (yellow) 
650 0 |a English fiction 
999 |a 0000964672   |b Book   |c Children Collection   |e Perbadanan Perpustakaan Awam Johor 
999 |a 0000964674   |b Book   |c Children Collection   |e Perbadanan Perpustakaan Awam Johor 
999 |a 0000964675   |b Book   |c Children Collection   |e Perbadanan Perpustakaan Awam Johor 
999 |a 0000973579   |b Book   |c Children Collection   |e Perbadanan Perpustakaan Awam Johor